| 000 | 01971nam a2200241Ia 4500 | ||
|---|---|---|---|
| 999 |
_c34777 _d34777 |
||
| 001 | 587 | ||
| 003 | GE_BSU | ||
| 005 | 20230616153817.0 | ||
| 008 | 181216s2010||||ge |||||||||||||| ||geo|| | ||
| 020 | _a9789941170089 | ||
| 040 | _cGE_BSU | ||
| 041 | _ageo | ||
| 080 | _a81'372.232.1+811.353.1'373.232.3+39(=353.1) თ–77 | ||
| 100 |
_aთოფჩიშვილი, როლანდ. _94620 |
||
| 245 |
_aსახელების ეთნოლოგია და ისტორია : მსოფლიოს ხალხთა ანთროპონიმიული სისტემები : _bსახელმძღვანელო ჰუმანიტარულ მეცნიერებათა შემსწავლელი სტუდენტებისათვის / _cროლანდ თოფჩიშვილი; ივანე ჯავახიშვილის სახელობის თბილისის სახელმწიფო უნივერსიტეტი; ივანე ჯავახიშვილის ისტორიისა და ეთნოლოგიის ინსტიტუტი. |
||
| 264 |
_a თბილისი : _bუნივერსალი, _c2010. |
||
| 300 | _a320 გვ. | ||
| 653 | _aქართული გვარ-სახელები | ||
| 653 | _aმსოფლიოს ხალხთა გვარ-სახელები | ||
| 710 |
_aივანე ჯავახიშვილის სახელობის თბილისის სახელმწიფო უნივერსიტეტი _bივანე ჯავახიშვილის ისტორიისა და ეთნოლოგიის ინსტიტუტი _913702 |
||
| 856 |
_uhttps://dspace.nplg.gov.ge/bitstream/1234/267153/1/SaxelebiEtnologiaDaIstoria.pdf _yელ. ვერსია. pdf |
||
| 942 |
_cBK _2udc |
||